000 00346nam a2200133 i 4500
001 bg
245 0 _aObróbka plastyczna [ćwiczenia laboratoryjne] /
_cRyszard Czarnecki [i in.].
260 _aCzęstochowa,
_c1978.
700 1 _aCZARNECKI, Ryszard.
040 _cBPK
041 _apol
942 _cKS
008 s pl f |000 0 pol
999 _c9840
_d9840
856 _uhttp://koha.tu.koszalin.pl/cgi-bin/koha/opac-detail.pl?biblionumber=9840
_yKatalog online BPK